[Event "Groningen Festival"]
[Site "Groningen"]
[Date "1998.12.24"]
[Round "5"]
[White "Asrian, Karen"]
[Black "Milov, Vadim"]
[Result "0-1"]
[WhiteElo "2600"]
[BlackElo "2640"]
[Annotator "Milov,V"]
[PlyCount "70"]
[EventDate "1998.12.20"]
[EventType "tourn"]
[EventRounds "10"]
[EventCountry "NED"]
[EventCategory "16"]
[SourceTitle "CBM 069"]
[Source "ChessBase"]
[SourceDate "1999.04.01"]
[SourceVersion "1"]
[SourceVersionDate "1999.04.01"]
[SourceQuality "1"]

1. e4 {Ribli} c5 2. Nf3 e6 3. d4 cxd4 4. Nxd4 a6 {Ribli: 'Die populäre Paulsen
Variante ist die Hauptwaffe von Milov. Ribli.'} 5. Nc3 Qc7 6. Be2 b5 {Ribli:
'Eine sehr scharfe Fortsetzung. Schwarz entwickelt zuerst den Damenflügel und
die Figuren am Königsflügel in Abhängigkeit vom weißen Spiel. Das ist die
Hauptidee der Paulsen-Variante.'} 7. O-O Bb7 8. Re1 (8. Bf3 {Ribli} Nc6 9. Nxc6
dxc6 10. Qe2 e5 11. a4 Nf6 12. Nd1 Bc5 13. Ne3 O-O 14. Nf5 Rfe8 $11) 8... Nc6 (
8... Bc5 {Ribli} 9. Bf3 Ne7 (9... d6 10. Nb3 Nd7 11. e5 $1 dxe5 12. Bxb7 Qxb7
13. Nxc5 Nxc5 14. Rxe5 Rd8 15. Qe2 $14 {1-0 Kuczynski,R-Polgar,J/Moscow 1994/
CBM 45/[Ribli] (48)}) 10. Nb3 Ba7 11. Bg5 f6 (11... Ng6 12. a4 f6 13. Be3 Bxe3
14. Rxe3 b4 15. Na2 Nc6 16. c3 a5 17. Rc1 {1-0 Dimitrov,V-Kurajica,B/Mondariz
1994/EXT 97 (72)}) 12. Bh5+ Ng6 13. Bh4 Nc6 14. Bg3 e5 15. a4 bxa4 16. Rxa4 O-O
17. Nd5 {1/2-1/2 Svidler,P-Sakaev,K/Moscow 1996/CBM 52 ext (60)}) 9. Nxc6 (9.
Bf1 {Ribli} Nf6 (9... b4 $6 10. Nd5 $1 Qd8 11. Bf4 Rc8 12. Nxc6 Rxc6 13. Qd2
Nf6 14. Rad1 Bc5 15. Nxb4 Rc8 16. Bg5 {Oll,L-Movsesian,S/Polanica Zdroj 1996/
Inf 67/[Oll,L] (16)}) 10. Nxc6 Qxc6 11. e5 b4 $1 12. Ne2 Nd5 13. a3 Qb6 (13...
bxa3 $2 14. b3 $1 Bb4 15. c4 $1 $14 {1/2-1/2 Ye,J-Vyzmanavin,A/Beijing 1991/
Inf 51/[Vyzmanavin,A; Arkhangelsky,B] (27)}) 14. axb4 Bxb4 15. c3 Bc5 16. Nd4
O-O 17. Qg4 f5 18. exf6 Rxf6 19. Bg5 Rf7 20. b4 Bd6 21. Bd3 Raf8 22. Qh4 h6 23.
Ra2 Bf4 {0-1 Sareen,V-Vyzmanavin,A/Calcutta 1992/CBM 27 ext (30)}) 9... dxc6 {
Ribli: '[#]Nach 9...Bxc6 muß Schwarz immer mit dem Opfer Nd5 rechnen.'} 10. a4
$6 {Too slow Ribli: 'Weiß provoziert den Zug ...b5-b4, wonach er mit Nb1-Nd2
das Feld c4 erobert.'} (10. e5 Ne7 (10... Rd8 {Ribli} 11. Bd3 Ne7 (11... c5 12.
Qh5 $5 Ne7 13. Bg5 $14 {Kuczynski,R-Lau,R/Polanica Zdroj/1991/CBM26/}) 12. Bg5
h6 13. Qh5 $14 {Kamsky,G-Lutz,C/Dortmund/1993/CBM35/}) (10... Bb4) 11. Bd3
O-O-O $5 12. a4 c5 13. axb5 c4 14. bxa6 Bc6 15. Nb5 Bxb5 16. a7 Kb7 17. Be4+
Bc6 18. Qd4 Bxe4 19. Qxe4+ Qc6 20. Bg5 Qxe4 21. Rxe4 Ka8 22. Rxc4 Rc8 23. Raa4
h6 24. Be3 Rd8 25. Rd4 Rxd4 26. Rxd4 Nd5 27. c4 Nxe3 28. Rd8+ Kxa7 29. fxe3 g5
$19 {0-1 Marciano,D-Korneev,O/Ubeda op 1996 (34)}) (10. f4 {Ribli} Rd8 11. Bd3
c5 12. Qf3 c4 13. Bf1 Nf6 14. a3 Bc5+ 15. Be3 Rd2 16. Re2 Rxe2 17. Bxe2 Ng4 {
0-1 Jonsson,B-Kostenko,P/Elista 1998/CBM 66 ext (46)}) 10... Bd6 $1 (10... Rd8
{Ribli} 11. Bd3 Bd6 12. h3 Ne7 13. Qh5 e5 14. f4 Ng6 15. f5 Nf4 16. Bxf4 exf4
17. e5 Bxe5 18. f6 gxf6 19. Ne4 Qe7 20. Nxf6+ Qxf6 21. Rxe5+ Kf8 22. Rf1 $16 {
1-0 Barua,D-Horvath,C/Calcutta 1998/CBM 62 ext (29)}) 11. g3 Be5 {Now it`s
White is the one who has to think about equalizing Ribli: 'Der schwarze Läufer
steht auf e5 aktiv und provoziert den Zug f4.'} 12. Bd3 (12. Bf1 $142 Nf6 13.
Bg2) 12... Nf6 13. Be3 (13. f4 {Ribli} Bd4+ $15) 13... O-O $2 (13... b4 14. Nb1
(14. Na2 c5 $17) 14... Bxb2 (14... c5) 15. Ra2 Be5 16. f4 $140 Bd6 17. e5 c5
$17) 14. Bc5 {Ribli: 'Der Läufer blockiert den Vorstoß ...c6-c5, aber Schwarz
kann ihn mit baldigem ...Bd4 tauschen.'} (14. f4 $2 {Ribli} Bxc3 15. bxc3 c5
$17) 14... Rfd8 {'=' Ribli.} 15. f4 (15. Qe2 {Ribli}) 15... Bd4+ (15... Bxc3
16. bxc3 e5 17. Qf3 $13) 16. Bxd4 Rxd4 17. e5 (17. Qf3 {Ribli} e5 $15) 17...
Qb6 {'=/+' Ribli.} (17... Nd5 $4 18. Bxh7+) (17... Nd7 $2 {Ribli} 18. Bxh7+ $18
) 18. Kf1 (18. exf6 $2 {Ribli} Rxd3+ $19) 18... Nd5 $13 {The position of the
white King is weakened but soon his black coleague will start feeling itself
not very safe   either and besides the Rook on d4 is placed a bit awkwardly
and the Bishop on b7 is out of play.} 19. a5 (19. Nxd5 {Ribli} Rxd5) 19... Qa7
20. Ne4 Rd8 (20... Nb4 $5 21. Qh5 (21. Nf6+ $2 gxf6 22. exf6 Kh8) 21... Nxd3
22. cxd3 h6 (22... Rf8 23. Nf6+ gxf6 24. Qh6 $1 f5 $11) 23. Nf6+ Kf8 (23...
gxf6 24. exf6 Kf8 25. Qg4 $1 $18) 24. Nh7+ Kg8 (24... Ke8 25. Qg4) 25. Nf6+ $11
) (20... Rxe4 $6 {Ribli} 21. Bxe4 Ne3+ 22. Rxe3 Qxe3 23. Bg2 $14) 21. Qh5 (21.
Nd6 $5 Rxd6 $2 (21... Nxf4 22. Nxb7 Nxd3 (22... Rxd3 23. cxd3) 23. Nxd8 Nxe1 (
23... Rf4+ 24. Kg2) 24. Nxc6 Rxd1 25. Rxd1 Qc7 26. Rd8+ Qxd8 27. Nxd8 Nxc2 28.
Nc6 Ne3+ 29. Ke2 Nd5 30. Kd3 $13) 22. exd6 Nxf4 23. Re4 $1 (23. gxf4 Rxf4+ $19)
23... Nxd3 24. Rxd4 Qxd4 25. Qxd3 Qxb2 26. Rd1 $18) (21. c3 {Ribli} Nxc3 $19)
21... h6 (21... Rxd3 22. cxd3 Ne3+ 23. Rxe3 (23. Ke2 Nc2) 23... Qxe3 24. Rd1 (
24. Qe2 {Ribli}) 24... Rf8 (24... Rxd3 25. Ng5 Rxd1+ 26. Qxd1 Qc5 27. Qd8+ Qf8
28. Qb6 Qe7 29. Ne4 $16) 25. Qe2 Qd4 $13) (21... g6 {Ribli} 22. Qh4 {[%csl Yf6,
Yh6]}) 22. Rad1 (22. Nd6 Rxd6 (22... Ba8 {Ribli} 23. f5 Qe7 $15 24. f6 $2 Nxf6
$17) 23. exd6 Nf6 $44 (23... Nxf4 $2 24. gxf4 Rxf4+ 25. Ke2)) (22. Nf6+ $2 gxf6
23. Qxh6 (23. exf6 Nxf6 24. Qxh6 Rxd3) 23... Rxd3 24. cxd3 Ne3+ $19) 22... Ba8
(22... Nb4 $6 23. Nd6 Ba8 24. Be4 $14) (22... c5 $142 23. Nf6+ Kf8 (23... gxf6
24. Qxh6) 24. Nh7+ $11) 23. f5 $1 {Ribli: 'Weiß sucht Gegenspiel am
Königsflügel, sonst kommt Schwarz mit ...c5-c4 in deutlichen Vorteil.'} (23.
Nd6 c5 24. c3 $140 Nxf4) 23... exf5 24. Qxf5 c5 {'!' Ribli.} (24... Qd7 $2 {
Ribli} 25. Qxd7 Rxd7 26. Nc5 Rd8 27. Bh7+ Kxh7 28. Rxd4 Ne3+ 29. Rxe3 Rxd4 30.
Nxa6 $18 (30. c3 $18)) 25. e6 (25. Nd6 g6 26. Qf2 Nb4 27. Qf6 Rf8 $13) (25. c3
Ne3+ 26. Rxe3 Bxe4 27. Rxe4 Rxd3 28. Rxd3 Rxd3 29. e6 Qe7 $11) (25. Nf6+ {Ribli
} Nxf6 26. exf6 g6 $15 {Schwarz hat den Angriff abgewehrt und der weiße König
ist in großer Not.} 27. Qh3 R4d6) 25... Rf8 $1 (25... fxe6 26. Qxe6+ Kh8 27.
Qf5 $40 {'<=>' Ribli.} (27. Nd6 $132 {Ribli})) 26. e7 $1 Qxe7 (26... Nxe7 $2 {
Ribli} 27. Nf6+ gxf6 28. Qh7# $18) 27. c3 (27. Nxc5 Rxd3 $1 28. Nxd3 (28. Rxe7
Rxd1+ $19 (28... Rxd1+ {Ribli} 29. Ke2 Nxe7 $19)) 28... Ne3+ 29. Rxe3 Qxe3 $17)
(27. Ng5 {Ribli} Qf6 $17) {Ribli: [#]} 27... c4 $1 {Ribli: 'Schwarz opfert die
Qualität und erlangt nachhaltige Initiative am Königsflügel.'} (27... Rxd3 28.
Rxd3 $16) 28. cxd4 cxd3 29. Rxd3 Qb4 30. Qf2 $2 (30. Nc5 Qxa5 $13 (30... Qxb2
31. Qf2 Qb4 32. Qd2)) (30. Nc3 $5 {Ribli} Rd8 $44) 30... f5 $40 31. Nc5 f4 32.
Kg1 {'?' Ribli.} (32. Rf3 $1 $13 {Ribli}) (32. g4 {Ribli} Ne3+ 33. Kg1 Nxg4 $40
) 32... fxg3 33. Qxg3 Nf4 {'->' Ribli. Ribli: 'Der weiße Materialvorteil ist
angesichts des schwarzen Figurenspiels unbedeutend.'} 34. Rdd1 {'??' Ribli.} (
34. Re7 g5 $1 {Lautier} (34... g6 {Ribli} 35. b3 {[%cal Gd3d1]}) 35. b3 Qxa5
$17) 34... Qxb2 {Ribli: 'Jetzt kann Weiß die vielseitigen Drohungen nicht mehr
parieren.'} 35. Ne6 $2 {'(+)?' Ribli.} (35. Ne4 Bxe4 36. Rxe4 Ne2+ 37. Rxe2
Qxe2 38. Re1 Qd2 $19) (35. d5 Bxd5 (35... Ne2+ {Ribli} 36. Rxe2 Qxe2 37. Re1
Qb2 38. Ne6 Rc8) 36. Rxd5 Ne2+ 37. Rxe2 Qxe2 $19) 35... Nh3+ 0-1

[Event "Queens-Kings"]
[Site "Jinan"]
[Date "2002.07.22"]
[Round "4"]
[White "Xie, Jun"]
[Black "Short, Nigel D"]
[Result "1/2-1/2"]
[WhiteElo "2562"]
[BlackElo "2682"]
[Annotator "Milov,V"]
[PlyCount "106"]
[EventDate "2002.07.21"]
[EventType "schev"]
[EventRounds "4"]
[EventCountry "CHN"]
[SourceTitle "CBM 091"]
[Source "ChessBase"]
[SourceDate "2002.11.12"]
[SourceVersion "1"]
[SourceVersionDate "2002.11.12"]
[SourceQuality "1"]

1. e4 c5 2. Nf3 e6 3. d4 cxd4 4. Nxd4 Qb6 5. Nb3 (5. Nc3 Bc5 6. Na4 $14 (6. Be3
Nc6 7. Na4 Qa5+ 8. c3 Bxd4 9. Bxd4 Nxd4 10. Qxd4 e5 11. Qb4 Qxb4 12. cxb4 Nf6
13. Nc3 d6 14. f3 Ke7 $15 {0-1 Deshmukh,A-Vaidya,A/Calcutta 1992/CBM 27 ext 
(30)})) (5. Nb5 Bc5 (5... a6 6. Be3 Qa5+ 7. N5c3 d6 8. Nd2 Nd7 9. Bd3 Ngf6 10.
O-O Qc7 11. f4 b6 12. Qf3 Bb7 {Volzhin-Gonzalez, XII Carlos Torre Open, Merida
MEX, 2000}) 6. Qf3 a6 7. N5c3 Nc6 8. Bd3 Nf6 9. O-O Qc7 10. Bf4 Bd6 11. Bxd6
Qxd6 12. Nd2 Qc7 13. Rae1 O-O 14. Qh3 Qf4 15. g3 Qxd2 16. Re3 Ne5 17. Rd1 $16 {
Kruppa-Mochalov, Minsk, 1993 1-0}) 5... Qc7 (5... Nc6 6. Nc3 Nf6 7. Bd3 a6 8.
O-O d6 9. a4 Qc7 10. a5 Nd7 11. Be3 Nc5 12. Nxc5 dxc5 13. Na4 Nxa5 14. b4 Nc6
15. bxc5 Be7 16. f4 O-O 17. Nb6 $14 {Sveshnikov,E-Sermek,D Nova Gorica op ,
Nova Gorica, 1998}) 6. Nc3 a6 7. Bd3 (7. Be2 Nf6 8. O-O b5 9. Bf3 Nc6 10. g3
Bb7 11. Bg2 d6 12. Re1 Be7 13. a4 b4 14. Na2 O-O 15. Bf4 Rfd8 16. Qd2 Rab8 17.
Rac1 Ne5 18. Nxb4 Bxe4 $6 19. Nxa6 Qb7 20. Rxe4 Nxe4 21. Nxb8 Nxd2 22. Bxb7
Nxb3 23. cxb3 Rxb8 24. Rc8+ Rxc8 25. Bxc8 Nc6 26. Bb7 $18 {Anand,V-Polgar,J
Monaco blind Monaco, 1995 1-0}) 7... Nf6 8. O-O Be7 9. Bg5 {A rare move} ({
the main continuation} 9. f4 d6 10. Qf3 (10. a4 Nc6 11. Be3 Nb4 12. a5 Nd7 13.
Qd2 Nxd3 14. cxd3 O-O 15. Rac1 Qd8 16. Na4 Nf6 17. Nb6 Rb8 18. h3 Bd7 19. Nd4
Be8 20. Rc2 $14) 10... Nbd7 11. Bd2 b6 12. Rae1 Bb7 13. Qh3 (13. Qg3 g6 14. Qh3
b5 15. f5 gxf5 16. exf5 e5 17. Rf2 Rg8 $15) 13... e5 14. Kh1 O-O (14... exf4
$142 15. Bxf4 Ne5 $11) 15. Nd5 $14 {Tiviakov,S-Kudrin,S Tan Chin Nam Beijing,
1998  1/2-1/2}) 9... h6 (9... d6 10. f4 Nbd7 11. Qf3 h6 12. Bh4 g5 13. Bg3 gxf4
14. Qxf4 Ne5 $13 {1/2-1/2 Rossetto,H-Bronstein,D/Portoroz 1958/IZT (30)}) 10.
Be3 b5 11. f4 Bb7 12. e5 Nd5 13. Nxd5 Bxd5 14. Qe2 ({deserved attention more
active} 14. Qg4 $5 O-O (14... g6 15. a4 b4 16. a5 $14) 15. f5 exf5 (15... Qxe5
$4 16. Bd4 $18) 16. Qxf5 g6 17. Qf2 $14) 14... Nc6 15. c3 (15. a4 bxa4 16. Rxa4
Nb4 $11 (16... Bxb3 17. cxb3 a5 18. Rc1 $14)) 15... d6 16. exd6 Bxd6 17. Qf2 (
17. Nd2 O-O (17... g5 $6 18. Ne4 Bxe4 19. Bxe4 gxf4 20. Bxf4 Bxf4 21. Rxf4 Rd8
$16) 18. a4 e5 19. axb5 axb5 20. fxe5 Bxe5 $11) 17... O-O 18. Rad1 f5 {Black
restricts of the white piecese but weakens his position: the pawn e6 and the
square e5 are now weak.} (18... Rfe8 $5) 19. Be2 $6 {White is carrying out a
plan of exchange bishop d5 but it was more important to exchange a
dark-squared bishop.} (19. Bc5 $5 $14) 19... Rf6 $1 {the rook is going to g6
from where it will not only protect the square e6 but also might threaten the
white king.} 20. Bf3 Ne7 21. Bb6 $6 (21. Bc5 $5 {Again deserved serious
attention, exchanging the bishop d6.}) 21... Qc6 22. Bd4 Rg6 23. Be5 Bxe5 24.
fxe5 {White did exchange his dark-squared bishops but has made it extremely
unsuccessfully. Now white has a weak pawn e5 and black is freed from his
weakness on e6.} Rc8 $6 (24... Bxf3 $5 25. Qxf3 Qxf3 26. Rxf3 Nc6 27. Re3 f4
28. Re4 f3 29. g3 Rg5 30. Rd6 Nxe5 31. Rxe6 Nd3 32. Nd4 $11) 25. Nd4 Qc4 26. a3
Bxf3 27. Qxf3 Rg4 28. Qb7 $1 Nd5 $2 {a serious mistake which brings black
position close to losing} (28... Qd5 29. Qxd5 Nxd5 30. Nxf5 Rc5 31. Ng3 Ne3 32.
Rd8+ Kh7 33. Re1 Nc4 34. Re2 $14) 29. Nxf5 $1 $18 Rc7 30. Qxa6 Nf4 31. Qa8+ Kh7
32. Ne3 Ne2+ 33. Kh1 Qe4 34. Qxe4+ Rxe4 35. Nc2 {As a result of the tactical
struggle white has an extra pawn and excellent winning chances. Now the game
passes into a technical stage.} Rc5 36. g3 (36. Rf7 Rf4 $6 (36... Rcxe5 37. g3
Rh5 38. Rf3 $18) 37. Rxf4 Nxf4 38. g3 Ng6 39. Rd8 Nxe5 40. Nd4 Nc4 41. Nxe6 Rf5
42. Rd7 $18) 36... Rcxe5 37. Kg2 h5 38. Nb4 (38. Rd7 h4) 38... h4 39. Nd3 (39.
Nc6) 39... Rg5 40. Kf3 $1 hxg3 41. Kxe4 gxh2 42. Nf2 (42. Rf2 Ng3+ 43. Kf4 $18)
(42. Rh1 Ng3+ 43. Kf4 Nxh1 44. Kxg5 Ng3 45. Nf2 $18) 42... Ng3+ 43. Kf3 $4 {
it`s hard to believe but this misses the win as the black pawns are now
becoming extremely dangerous.} (43. Kf4 $18) 43... Nxf1 44. Rxf1 Rg1 45. Ke2 e5
$11 46. Nh1 e4 47. b3 g5 48. a4 bxa4 49. bxa4 g4 50. a5 g3 51. Nxg3 Rxg3 52.
Rh1 Rxc3 53. Rxh2+ Kg6 1/2-1/2

[Event "Koge op-A"]
[Site "Koge"]
[Date "1997.??.??"]
[Round "6"]
[White "Mortensen, Erling"]
[Black "Kengis, Edvins"]
[Result "1/2-1/2"]
[WhiteElo "2450"]
[BlackElo "2585"]
[Annotator "Mortensen,E"]
[PlyCount "82"]
[EventDate "1997.??.??"]
[EventType "swiss"]
[EventRounds "9"]
[EventCountry "DEN"]
[SourceTitle "EXT 2000"]
[Source "ChessBase"]
[SourceDate "1999.11.16"]
[SourceVersion "1"]
[SourceVersionDate "1999.11.16"]
[SourceQuality "1"]

1. e4 c5 2. Nc3 e6 3. Nf3 a6 4. d4 cxd4 5. Nxd4 b5 6. Bd3 Qb6 7. Nb3 (7. Nf3 $5
) 7... Qc7 8. Qe2 (8. O-O Bb7 9. Re1 b4 10. Ne2 Nf6 11. Bf4 (11. Ng3 h5 $40)
11... d6 12. Ng3 Nc6 13. a3 {0-1 Fuglsang,Fl-Mortensen,E/Open, Koge DEN (07)
1997 (32)} Be7 $11) (8. a4 b4 9. Ne2 Bb7 10. Ned4 Nf6 11. Qe2 Nc6 12. Nxc6 Bxc6
13. e5 Ng8 14. O-O Ne7 15. Bg5 Ng6 16. Rfe1 Bb7 17. Rad1 h6 18. Bd2 Be7 19. Qg4
h5 20. Qc4 Rc8 21. Qxc7 Rxc7 $11 {Svidler,P-Ehlvest,J/EuT-ch, Pula CRO (03)
1997/ - (47)}) (8. f4 Bb7 9. Qf3 Nf6 10. O-O d6 11. Bd2 Nbd7 12. Rae1 Be7 13.
Qh3 b4 14. Nd1 d5 15. e5 Ne4 16. Be3 g6 17. Nf2 Ndc5 18. Nxc5 Nxc5 $6 (18...
Bxc5) 19. Bd4 O-O-O 20. Qe3 Kb8 21. c3 $16 {Hartman,C-Kengis,E/Karsten Kold,
Gistrup DEN (07) 1997/0-1 (40)}) 8... Bb7 9. Bd2 (9. O-O Nc6 10. f4 d6 11. Bd2
Nf6 12. Rae1 Be7 13. a3 O-O 14. f5 Rae8 15. fxe6 fxe6 16. Be3 Ne5 17. Nd4 Bd8
18. h3 Qd7 19. Nf3 Ng6 20. Qd2 Qc6 21. Nd4 Qc8 22. Nf3 Qc6 23. Nd4 Qc8 {
0,5-0,5 - Khalifman,A-Hansen,Cu/Sigeman and Co, Aarhus DEN (05) 1997}) 9... b4
10. Nd1 Nf6 11. f4 Nc6 12. Nf2 d6 13. O-O Be7 14. Rae1 $14 Nd7 (14... O-O 15.
e5 dxe5 16. fxe5 Nd7 17. Ng4 $16) (14... h5 $5) 15. Qg4 h5 (15... Bf6 16. e5
dxe5 17. f5 exf5 18. Bxf5 Rd8 19. Ne4 $40) 16. Qh3 Nc5 17. f5 Bf6 (17... Bc8
18. Ng4 Bd7 19. f6 gxf6 20. Nxf6+ Bxf6 21. Rxf6 $16) 18. Nxc5 dxc5 19. e5 $5 (
19. fxe6 $16) 19... Bxe5 20. fxe6 f6 (20... O-O-O 21. e7+ Rd7 22. Bf5 $18) 21.
Bg6+ Ke7 22. Nd3 Bd6 23. Bf4 (23. Be4 $1 g5 $6 (23... Raf8 24. Nf4 Ne5 25. Bxb7
Qxb7 26. Rxe5 $16) 24. Rxf6 $18 {Kengis}) 23... c4 24. Bxd6+ Qxd6 25. Nf4 Ne5
26. Kh1 Rad8 27. c3 Rh6 28. Qf5 Bc8 29. Bf7 a5 (29... bxc3 30. bxc3 Nxf7 31.
exf7+ (31. Ng6+ Ke8 $3 32. exf7+ Kxf7 $19) 31... Kxf7 32. Qe4 Qc7 33. Ne6 Bxe6
34. Qxe6+ Kf8 35. Rf5 $40) 30. h3 h4 (30... g5 31. Ng6+ Rxg6 32. Bxg6 Qxe6 33.
Qxe6+ Bxe6 34. Bxh5 $18) (30... Bb7) 31. Re2 $138 (31. Re4 $1) 31... Bb7 32.
Rfe1 Nd3 33. Nxd3 cxd3 34. Rd2 Qd5 35. Qxd5 (35. Qg4 bxc3 36. bxc3 g5) 35...
Bxd5 36. cxb4 axb4 37. Re3 Bxa2 38. Rexd3 Rxd3 39. Rxd3 Bxe6 40. Bxe6 Kxe6 41.
Rb3 g5 1/2-1/2

[Event "Politiken Cup 19th"]
[Site "Copenhagen"]
[Date "1997.07.09"]
[Round "5"]
[White "Mortensen, Erling"]
[Black "Bezold, Michael"]
[Result "1-0"]
[WhiteElo "2455"]
[BlackElo "2490"]
[Annotator "Mortensen,E"]
[PlyCount "80"]
[EventDate "1997.07.??"]
[EventType "swiss"]
[EventRounds "11"]
[EventCountry "DEN"]
[SourceTitle "EXT 2000"]
[Source "ChessBase"]
[SourceDate "1999.11.16"]
[SourceVersion "1"]
[SourceVersionDate "1999.11.16"]
[SourceQuality "1"]

1. e4 c5 2. Nf3 e6 3. d4 cxd4 4. Nxd4 a6 5. Nc3 b5 6. Bd3 Bb7 7. O-O d6 {
'?!' Mortensen,E.} 8. Qe2 (8. a4 bxa4 (8... b4 9. Na2 Nf6 10. Qe2 d5 11. e5 Ne4
12. c3 Nd7 13. Bf4 bxc3 14. Nxc3 Ndc5 15. Bc2 Qb6 16. a5 Qb4 17. Be3 Be7 18.
Na2 Qxb2 19. Rfb1 Qa3 20. Nb3 Rc8 21. Bc1 Qxa2 22. Rxa2 Nc3 23. Qe1 Nxa2 24.
Nxc5 Rxc5 25. Ba4+ Bc6 26. Ba3 Rc4 27. Bxc6+ Rxc6 28. Rb8+ Bd8 29. Qb1 {
1-0 Vogt,L-Boensch,U/DDR-ch ;MCL 03 1983}) 9. Rxa4 Nd7 10. Nb3 Ngf6 11. Qe2 Be7
12. Bxa6 Qb8 13. Bf4 O-O 14. Rfa1 Bxa6 15. Rxa6 Rxa6 16. Qxa6 Rc8 17. Qa7 {
(...) 1-0 Landa,K-Matamoros Franco,C/Biel op (10) ;EXP 48 1995}) 8... Nf6 9. a4
bxa4 10. Nxa4 (10. Rxa4 $1 Nbd7 11. Nb3 $16) 10... Be7 11. b4 {'!?' Mortensen,
E.} O-O 12. Nb3 Nc6 13. Bd2 Qc7 14. f4 Rfe8 15. c4 d5 (15... e5 $5 16. b5 Nd4
17. Nxd4 exd4 $13) 16. cxd5 exd5 17. e5 Ne4 (17... Bxb4 18. Bxb4 Nxb4 19. Qd2 {
(Bezold)} Nxd3 20. exf6 Qc4 21. Na5 Qd4+ 22. Kh1 $18) 18. Rac1 Nxd2 19. Qxd2
Rac8 20. Nbc5 Bxc5+ 21. Rxc5 Qe7 22. Rfc1 (22. Nb6 $2 Nxb4) 22... Nb8 23. Qe3
Rc6 24. Rxc6 Nxc6 (24... Bxc6 25. Nc5 $16) 25. b5 axb5 26. Bxb5 Rc8 (26... Qb4
27. Qc5 Qxc5+ (27... Qxf4 28. Bxc6 Rc8 29. Rb1 Bxc6 30. Qxc6 $18) 28. Rxc5 Re6
29. Rxd5 $16) 27. Nb6 Rd8 28. Bxc6 Bxc6 29. Rxc6 d4 30. Qc1 d3 31. Nc4 h6 32.
Nd2 Qa7+ 33. Qc5 Qa1+ 34. Kf2 Rd4 35. Rd6 Rxf4+ 36. Nf3 Qa2+ 37. Kg3 g5 38.
Rxd3 Rg4+ 39. Kxg4 Qxg2+ 40. Kf5 g4 1-0

[Event "CZE-chT 0304"]
[Site "Czech Republic"]
[Date "2003.12.07"]
[Round "4"]
[White "Movsesian, Sergei"]
[Black "Navara, David"]
[Result "1-0"]
[WhiteElo "2639"]
[BlackElo "2604"]
[Annotator "Movsesian,S"]
[PlyCount "105"]
[EventDate "2003.11.08"]
[EventType "team-tourn"]
[EventRounds "11"]
[EventCountry "CZE"]
[SourceTitle "CBM 099"]
[Source "ChessBase"]
[SourceDate "2004.03.30"]
[SourceVersion "1"]
[SourceVersionDate "2004.03.30"]
[SourceQuality "1"]
[WhiteTeam "Pardubice RC Sport"]
[BlackTeam "Praha Mahrla"]
[WhiteTeamCountry "CZE"]
[BlackTeamCountry "CZE"]

1. e4 c5 2. Nf3 e6 3. d4 cxd4 4. Nxd4 Nc6 5. Nc3 a6 6. f4 Qc7 7. Nb3 d6 8. Bd3
Nf6 9. O-O Be7 10. Qf3 O-O 11. Kh1 b5 12. Bd2 Bb7 13. Qh3 b4 (13... Rfd8 $6 {
is bringing black to big problems} 14. a4 b4 15. Nd1 d5 16. e5 Ne4 17. Ne3 Na5
18. Nxa5 Qxa5 19. f5 $1 $40 {Movsesian-Stefansson, Reykjavik (m) 2003}) 14. Ne2
({Also possible is} 14. Nd1 a5 15. Nf2 e5 16. Rae1 Rad8 17. f5 a4 18. Nc1 d5
19. exd5 Rxd5 20. Ne2 Rfd8 21. Bg5 $13 {with a very sharp play in
Movsesian-Neverov, Silivri 2003}) 14... a5 15. Rae1 Rfe8 16. Ng3 Ba6 $5 (16...
a4 17. Nc1 {brings black nothing real, just helps white to re-group pieces.})
17. f5 Bd8 (17... e5 18. Bg5 h6 19. Bxf6 Bxf6 20. Nh5 Qe7 21. Bxa6 Rxa6 22. Qd3
$16 {gives white durable advantage}) 18. Bg5 Nd7 19. f6 $1 Nce5 (19... Nxf6 $2
20. Bxf6 Bxf6 21. Rxf6 gxf6 22. Qh6 {would lead to a mating attack}) (19...
gxf6 20. Bh4 $1 {with Nh5 coming next}) 20. Nh5 gxf6 21. Bxf6 Nxf6 22. Rxf6
Bxd3 23. cxd3 Bxf6 24. Nxf6+ Kg7 25. Rf1 h6 26. Qg3+ Ng6 27. h4 a4 28. Nd2 Qc5
{black had to make several only moves to stay in the game.But now white is
overpressing a bit and goes to the wrong direction...} 29. Nc4 $6 {I felt too
sorry to change the beautiful knight from f6 for an "ordinary" rook on e8...
The move in a game is too optimistic, white should have played more
materialistic here!} (29. Nxe8+ Rxe8 30. Qf3 Rf8 (30... Nh8 {looks too ugly to
be true...}) 31. Qf6+ Kh7 32. Nc4 $1 {and here black can't play} d5 {because of
} 33. h5 $1) 29... Rf8 30. Qg4 ({I didn't like} 30. h5 Qg5 31. hxg6 Qxg3 (31...
fxg6 $2 32. Qxd6) 32. Nh5+ Kxg6 33. Nxg3 Rac8) 30... Qd4 31. Rf3 d5 32. Nd6
dxe4 33. Nh5+ Kh7 34. Nf6+ Kg7 35. Nh5+ Kh7 36. Nxe4 $2 {A very riskant 
(especially being in a time-trouble...) choice, but team competitions are
sometimes very different from usual games...} (36. Nf6+ $11 {was a draw}) 36...
Qxb2 37. d4 Rad8 38. Nhf6+ Kh8 39. h5 Qc1+ 40. Kh2 Ne7 41. Qg3 Nd5 42. Ng4 f6
43. Nc5 (43. Ngxf6 Qc7 $19) 43... Rde8 $6 {Black was also short of time at
this stage, so the game starts to be very dramatic} (43... Rg8 $142 $1 44. Qh4
Qg5 45. Qxg5 Rxg5 46. Nxe6 Rxh5+ $19) 44. Ne5 $5 Qg5 $2 (44... fxe5 $2 45. Nxe6
$1 $18) (44... Rg8 {was still enough} 45. Ng6+ Kh7) 45. Ng6+ Kg8 $2 {a final
mistake} (45... Kh7 $8 46. Qh3 Rg8 47. Nxe6 Rxe6 48. Qxe6 Qxh5+ 49. Rh3 Qxg6
50. Qxd5 $15) 46. Qh3 $1 Qd2 (46... Rf7 47. Rg3 Qd2 48. Nxe6 $18) (46... Kf7
47. Ne4 $18) 47. Rg3 Kf7 48. Nxf8 Kxf8 49. Nxe6+ Ke7 50. Ng7 Nf4 51. Qf5 Qxd4
52. Qb5 Qd8 53. Nxe8 1-0